000 00661cam a2200229 4500500
005 20260329004540.0
041 _afre
042 _adc
100 1 0 _aPortevin, Catherine
_eauthor
245 0 0 _aNicolas Grimaldi : “Toute joie est partagée”
260 _c2020.
500 _a27
690 _aHumain
690 _aJoie
690 _aMutualité
690 _aNicolas Grimaldi
690 _aPascal
690 _aSolitude
690 _aTendresse
786 0 _nPhilosophie magazine | 139 | 6 | 2020-06-01 | p. 32-35 | 1951-1787
856 4 1 _uhttps://shs.cairn.info/magazine-philosophie-magazine-2020-6-page-32?lang=fr&redirect-ssocas=7080
999 _c1835018
_d1835018